00589nam a2200169Ia 4500008004100000100002000041245008100061245003600142260003900178260000900217300000900226650001800235650001500253856005900268999001900327952007300346170221s9999 xx 000 0 und d aPeter W. Cardon 4aThe Impacts of Team Listening and Unscheduled Meetings on Team Coordination  cPeter W. Cardon, Bryan Marshall bStudies in Media and Communication c2016 a15 : xCommunication xMedia Arts uhttp://redfame.com/journal/index.php/smc/issue/view/23 c312899d312899 001040aCLbCLd2017-02-21l0r2017-02-21 00:00:00w2017-02-21yFOJ